000 00251nam a22001217a 4500
008 181221b xxu||||| |||| 00| 0 eng d
041 _aeng
080 _a573
100 _a11
101 _aBIO
245 _aMicrobilogy
_cBurton.E.P
942 _2udc
_cBK
999 _c53589
_d53589